000 00417nam a2200169Ia 4500
008 230524s9999 xx 000 0 und d
020 _a9788126537205
082 _bGIL
100 _aAmos Gilat
_942813
245 0 _aMATLAB An Introduction with Applications
250 _a4
260 _aNew Delhi
_bWiley India
_c2014
300 _a"X,401p;"
500 _aQuantity Number: 1
650 _aComp-Sc
942 _cBK
999 _c57786
_d57786